000 00666nam a2200181Ia 4500
008 090630s9999 xx 000 0 und d
082 _b5978
100 _aसंपा. सौ. दाबके कालिंदी.
245 _aनाटयछटा.
_cसंपा. सौ. दाबके कालिंदी.
260 _bवर्धा बुक्स.
_c1980
300 _a24
600 _aसंपा. सौ. दाबके कालिंदी.
630 _aनाटयछटा.
655 _aनाटक.
700 _aसंपा. सौ. दाबके कालिंदी.
730 _aनाटयछटा.
942 _cBOOK
999 _c257834
_d257834